<?xml version="1.0" encoding="UTF-8"?>
<collection xmlns="http://www.loc.gov/MARC21/slim">
 <record>
  <leader>01591pam a22002538a 4500</leader>
  <controlfield tag="001">00044475</controlfield>
  <controlfield tag="005">20190801080851.0</controlfield>
  <controlfield tag="008">170627s2017                  ||||||viesd</controlfield>
  <datafield tag="020" ind1="#" ind2="#">
   <subfield code="c">110000</subfield>
   <subfield code="a">9786048040055</subfield>
  </datafield>
  <datafield tag="041" ind1="0" ind2="#">
   <subfield code="a">Vie</subfield>
  </datafield>
  <datafield tag="082" ind1="1" ind2="4">
   <subfield code="b">QU105L</subfield>
   <subfield code="a">373.11</subfield>
  </datafield>
  <datafield tag="100" ind1="1" ind2="#">
   <subfield code="a">Trương, Tấn Đạt</subfield>
  </datafield>
  <datafield tag="245" ind1="0" ind2="0">
   <subfield code="a">Quản lý đào tạo giáo viên trung học phổ thông trong các trường Đại học ở vùng đồng bằng sông Cửu Long đáp ứng yêu cầu đổi mới giáo dục phổ thông</subfield>
   <subfield code="b">Sách phục vụ đào tạo sau Đại học</subfield>
   <subfield code="c">Trương Tấn Đạt</subfield>
  </datafield>
  <datafield tag="260" ind1="#" ind2="#">
   <subfield code="a">Hà Nội</subfield>
   <subfield code="b">Thông tin và truyền thông</subfield>
   <subfield code="c">2019</subfield>
  </datafield>
  <datafield tag="300" ind1="#" ind2="#">
   <subfield code="a">270 tr.</subfield>
   <subfield code="c">24 cm.</subfield>
  </datafield>
  <datafield tag="653" ind1="#" ind2="#">
   <subfield code="a">Bồi dưỡng</subfield>
  </datafield>
  <datafield tag="653" ind1="#" ind2="#">
   <subfield code="a">Đổi mới</subfield>
  </datafield>
  <datafield tag="653" ind1="#" ind2="#">
   <subfield code="a">Giáo dục</subfield>
  </datafield>
  <datafield tag="653" ind1="#" ind2="#">
   <subfield code="a">Giáo viên</subfield>
  </datafield>
  <datafield tag="653" ind1="#" ind2="#">
   <subfield code="a">Trung học phổ thông</subfield>
  </datafield>
  <datafield tag="653" ind1="#" ind2="#">
   <subfield code="a">Đồng bằng sông Cửu Long</subfield>
  </datafield>
  <datafield tag="852" ind1="#" ind2="#">
   <subfield code="j">KD.0025289</subfield>
   <subfield code="j">KM.0032192</subfield>
   <subfield code="j">KM.0032193</subfield>
   <subfield code="j">KM.0032194</subfield>
   <subfield code="j">KM.0032195</subfield>
   <subfield code="j">KM.0032196</subfield>
   <subfield code="j">KM.0032197</subfield>
   <subfield code="j">KM.0032198</subfield>
   <subfield code="j">KM.0032199</subfield>
   <subfield code="j">KM.0032200</subfield>
   <subfield code="j">KM.0032201</subfield>
   <subfield code="j">KM.0032202</subfield>
   <subfield code="j">KM.0032203</subfield>
   <subfield code="j">KM.0032204</subfield>
   <subfield code="j">KM.0032205</subfield>
   <subfield code="j">KM.0032206</subfield>
   <subfield code="j">KM.0032207</subfield>
   <subfield code="j">KM.0032208</subfield>
   <subfield code="j">KM.0032209</subfield>
   <subfield code="j">KM.0032210</subfield>
   <subfield code="j">KM.0032211</subfield>
   <subfield code="j">KM.0032212</subfield>
   <subfield code="j">KM.0032213</subfield>
   <subfield code="j">KM.0032214</subfield>
   <subfield code="j">KM.0032215</subfield>
   <subfield code="j">KM.0032216</subfield>
   <subfield code="j">KM.0032217</subfield>
   <subfield code="j">KM.0032218</subfield>
   <subfield code="j">KM.0032219</subfield>
   <subfield code="j">KM.0032220</subfield>
   <subfield code="j">KM.0032221</subfield>
   <subfield code="j">KM.0032222</subfield>
   <subfield code="j">KM.0032223</subfield>
   <subfield code="j">KM.0032224</subfield>
   <subfield code="j">KM.0032225</subfield>
   <subfield code="j">KM.0032226</subfield>
   <subfield code="j">KM.0032227</subfield>
   <subfield code="j">KM.0032228</subfield>
   <subfield code="j">KM.0032229</subfield>
   <subfield code="j">KM.0032230</subfield>
   <subfield code="j">KM.0032231</subfield>
   <subfield code="j">KM.0032232</subfield>
   <subfield code="j">KM.0032233</subfield>
   <subfield code="j">KM.0032234</subfield>
  </datafield>
  <datafield tag="910" ind1="#" ind2="#">
   <subfield code="d">01/08/2019</subfield>
  </datafield>
  <datafield tag="980" ind1="#" ind2="#">
   <subfield code="a">Trung tâm Học liệu Lê Vũ Hùng, Trường Đại học Đồng Tháp</subfield>
  </datafield>
 </record>
</collection>
